Normal view
MARC view
Entry Uniform Title
001 - CONTROL NUMBER
- control field: 26443
003 - CONTROL NUMBER IDENTIFIER
- control field: dpl
005 - DATE AND TIME OF LATEST TRANSACTION
- control field: 20110308111910.0
008 - FIXED-LENGTH DATA ELEMENTS
- fixed length control field: 110308|||a|||||| | ||| d
040 ## - CATALOGING SOURCE
- Original cataloging agency: dpl
- Transcribing agency: dpl
130 ## - HEADING--UNIFORM TITLE
- Uniform title: भारतीय साहित्य पुस्तकमाला
670 ## - SOURCE DATA FOUND
- Source citation: Work cat.: (dpl)36061: मिथिलेश्वर संकलित कहानियां , 2010
670 ## - SOURCE DATA FOUND
- Source citation: Work cat.: (dpl)36061: मिथिलेश्वर संकलित कहानियां , 2010
